000 01403cam a2200349 a 4500
001 EDZ0000067659
003 StDuBDS
005 20161031105206.0
006 m||||||||d||||||||
007 cr |||||||||||
008 120405s2004 cau fo| 001|0|eng d
020 _a9781452204499 (ebook) :
_cNo price
040 _aStDuBDS
_beng
_cStDuBDS
_epn
049 _aAlfaisal Main Library
050 0 _aPN4731
_b.Z45 2004
082 0 4 _a070
_223
100 1 _aZelizer, Barbie.
245 1 0 _aTaking journalism seriously
_h[electronic resource] :
_bnews and the academy /
_cBarbie Zelizer.
260 _aThousand Oaks, Calif. ;
_aLondon :
_bSAGE,
_cc2004.
300 _a1 online resource (x, 286 p.)
504 _aIncludes bibliographical references and index.
520 8 _aBarbie Zelizer takes a fresh look at journalism & journalistic practice as it has been approached by scholars from different disciplines. She provides a critical mapping of the field of journalism studies.
521 _aSpecialized.
588 _aDescription based on print version record.
504 _aIncludes bibliographical references and index.
650 0 _aJournalism.
655 7 _aElectronic books.
_2local
710 2 _aSage eBooks
776 0 8 _iPrint version :
_z9780803973145
856 4 0 _uhttp://ezproxy.alfaisal.edu/login?url=http://sk.sagepub.com/books/taking-journalism-seriously
942 _2lcc
_cEBOOKS
999 _c481380
_d481380